عرض عادي
عرض مارك
- Immunologic Factors.
مدخل مصطلح موضوعي
001 - رقم الضبط
- حقل الضبط: 46319
003 - معرف رقم الضبط
- حقل الضبط: OSt
005 - تاريخ ووقت أخر عملية
- حقل الضبط: 20140710125436.0
008 - عناصر بيانات ثابتة الطول
- حقل تحكم ثابت الطول: 140710|||a|||||| | ||| d
040 ## - مصدر الفهرسة
- هيئة الفهرسة الأصلية: OSt
- وكالة الكتابة: OSt
150 ## - مدخل-- مصطلح تاريخي
- عنصر مدخل المصطلح الموضوعي او الاسم الجغرافي: Immunologic Factors.
670 ## - بيانات المصدر موجوده
- الاستشهاد بالمصدر: Work cat.: (OSt)0: Doan, Thao. 46317, Lippincott's IIIustrated Reviews immunology /, 2013.
